Zmeny k transparentnosti

Kapitálový trh v SR je stále nelikvidný a rozdrobený. Legislatívne zmeny v roku 1999. Prehľad schválených a predložených návrhov zákonov v roku 1999.

Saved in:
Bibliographic Details
Main Author: Onuferová, Marianna
Format: Book Chapter
Language:Slovak
Subjects:
Tags: Add Tag
No Tags, Be the first to tag this record!

MARC

LEADER 00000naa a2200000 4500
001 r036808
005 20230919123152.0
041 0 |a slo 
044 |a SK 
245 1 0 |a Zmeny k transparentnosti  |c Marianna Onuferová 
520 |a Kapitálový trh v SR je stále nelikvidný a rozdrobený. Legislatívne zmeny v roku 1999. Prehľad schválených a predložených návrhov zákonov v roku 1999. 
610 2 0 |a trh kapitálový 
610 2 0 |a trh finančný 
610 2 0 |a legislatíva 
610 2 0 |a fondy investičné 
610 2 0 |a papiere cenné 
610 2 0 |a zákony 
610 2 0 |a Slovensko 
100 1 |a Onuferová, Marianna